[Event "AUTO-INT-431"]
[Site "http://www.queenalice.com/game.php?id=244698"]
[Date "2007.7.24"]
[Round "2"]
[White "FPM"]
[Black "jablonski"]
[Result "0-1"]
[WhiteElo "1758"]
[BlackElo "1989"]

1. e4 c5 2. c3 d5 3. e5 Nc6 4. d4 cxd4 5. cxd4 Qb6 6. Ne2 e6 7. a3 f6 8. f4 Bd7
9. b4 fxe5 10. fxe5 Nge7 11. Bb2 Nf5 12. g4 Nh4 13. Qd3 Be7 14. Nd2 Rc8 15. Nf3
O-O 16. Nxh4 Nxe5 17. dxe5 Qf2+ 18. Kd1 Ba4+ 0-1

[Event "Challenge"]
[Site "http://www.queenalice.com/game.php?id=250464"]
[Date "2007.8.3"]
[Round "-"]
[White "giancarlo"]
[Black "jablonski"]
[Result "0-1"]
[WhiteElo "1605"]
[BlackElo "1741"]

1. e4 e5 2. Bc4 Nf6 3. d3 Nc6 4. Nc3 Bb4 5. Bd2 Na5 6. Bb3 Nxb3 7. axb3 d6 8.
Bg5 d5 9. exd5 Qxd5 10. Qf3 Bg4 11. Qg3 Qd4 12. Bd2 Nh5 13. Qe3 Qxe3+ 14. fxe3
O-O 15. Nge2 c6 16. h3 Be6 17. g4 Nf6 18. Ng3 Nd7 19. Nce4 Be7 20. Nf5 Bxf5 21.
gxf5 Bh4+ 22. Ke2 Be7 23. Raf1 a5 24. Rhg1 Kh8 25. Rg4 b6 26. Ng5 b5 27. Ra1 Bd8
28. Rag1 Nf6 29. Rh4 Bb6 30. Rg3 Bc7 31. e4 Bd6 32. c3 c5 33. Nf3 a4 34. b4 cxb4
35. cxb4 Rac8 36. d4 exd4 37. e5 Rfe8 38. Bf4 Nd5 39. Kd2 Bxb4+ 40. Kd3 a3 41.
bxa3 Rc3+ 42. Kxd4 Rd8 43. axb4 Rc4+ 44. Kd3 Nxf4+ 45. Ke3 Rd3+ 46. Kf2 Rc2+ 47.
Kf1 Rd1+ 48. Ne1 Re2 49. Rxf4 Rdxe1# 0-1

[Event "AUTO-INT-399"]
[Site "http://www.queenalice.com/game.php?id=256616"]
[Date "2007.8.16"]
[Round "2"]
[White "schwam"]
[Black "jablonski"]
[Result "1-0"]
[WhiteElo "1957"]
[BlackElo "1905"]

1. e4 e5 2. Nf3 Nc6 3. Bb5 a6 4. Bxc6 dxc6 5. O-O Qd6 6. Na3 b5 7. c3 c5 8. Nc2
Bb7 9. Re1 Nf6 10. d4 Be7 11. Nxe5 cxd4 12. Qxd4 O-O 13. f3 Rfd8 14. Nd3 1-0

[Event "AUTO-INT-399"]
[Site "http://www.queenalice.com/game.php?id=256617"]
[Date "2007.8.16"]
[Round "2"]
[White "jablonski"]
[Black "schwam"]
[Result "0-1"]
[WhiteElo "1920"]
[BlackElo "1942"]

1. e4 c5 2. Nf3 d6 3. d4 cxd4 4. Nxd4 Nf6 5. Nc3 a6 6. Be3 e5 7. Nb3 Be6 8. f3
Be7 9. Qd2 O-O 10. O-O-O Bxb3 11. axb3 b5 12. g4 b4 13. Na4 Nc6 14. Nb6 Rb8 0-1

[Event "AUTO-INT-399"]
[Site "http://www.queenalice.com/game.php?id=256618"]
[Date "2007.8.16"]
[Round "2"]
[White "ivan_at"]
[Black "jablonski"]
[Result "0-1"]
[WhiteElo "1733"]
[BlackElo "2011"]

1. d4 Nf6 2. c4 e6 3. Nc3 Bb4 4. Qc2 O-O 5. e3 c5 6. dxc5 Na6 7. a3 Bxc3+ 8.
Qxc3 Nxc5 9. b4 Nce4 10. Qc2 d5 11. Bb2 dxc4 12. Nf3 b5 13. Rd1 Qe7 14. Be2 a5
15. O-O axb4 16. axb4 Qxb4 17. Nd4 Ra2 18. Nxb5 Qxb5 19. Bxc4 Qxb2 20. Qxb2 Rxb2
21. f3 Nd2 0-1

[Event "AUTO-INT-399"]
[Site "http://www.queenalice.com/game.php?id=256619"]
[Date "2007.8.16"]
[Round "2"]
[White "jablonski"]
[Black "ivan_at"]
[Result "0-1"]
[WhiteElo "1821"]
[BlackElo "1702"]

1. e4 c5 2. Nf3 d6 3. d4 cxd4 4. Nxd4 Nf6 5. Nc3 a6 6. Be3 e6 7. f3 b5 8. g4 h6
9. Qd2 Nbd7 10. O-O-O Qc7 11. a3 Bb7 12. h4 Rc8 13. Be2 Be7 14. g5 Nh5 15. gxh6
gxh6 16. Bxh6 Ng3 17. Rh3 Nxe2+ 18. Ndxe2 Nf6 19. h5 Kd7 20. e5 Nd5 21. exd6
Qxd6 22. Bf4 Qc6 0-1

[Event "AUTO-INT-414"]
[Site "http://www.queenalice.com/game.php?id=258981"]
[Date "2007.8.21"]
[Round "2"]
[White "jablonski"]
[Black "FPM"]
[Result "0-1"]
[WhiteElo "1989"]
[BlackElo "1773"]

1. e4 d5 2. exd5 Qxd5 3. Nc3 Qa5 4. Qf3 c6 5. Bc4 Nf6 6. h3 g6 7. Nge2 Bg7 8. d3
Nbd7 9. O-O Ne5 10. Qf4 Nxc4 11. dxc4 O-O 12. Bd2 Qf5 13. Rac1 Qa5 14. Rfe1 Be6
15. b3 Qf5 16. Nd4 Qxf4 17. Bxf4 Nh5 18. Be3 Bc8 0-1

[Event "AUTO-INT-414"]
[Site "http://www.queenalice.com/game.php?id=258982"]
[Date "2007.8.21"]
[Round "2"]
[White "FPM"]
[Black "jablonski"]
[Result "1-0"]
[WhiteElo "1798"]
[BlackElo "1964"]

1. e4 e5 2. Nf3 Nc6 3. Bb5 Qf6 4. b3 Bc5 5. O-O Nge7 6. Bb2 d6 7. h3 a6 8. Be2
Nd4 9. Nxd4 Bxd4 10. c3 Bc5 11. d4 exd4 12. cxd4 Bb6 13. Na3 O-O 14. Nc4 Nc6 15.
Nxb6 cxb6 16. Qd2 a5 17. d5 Ne5 18. f4 1-0

[Event "Corinthias Fight"]
[Site "http://www.queenalice.com/game.php?id=447469"]
[Date "2008.8.11"]
[Round "-"]
[White "Tonyc"]
[Black "jablonski"]
[Result "0-1"]
[WhiteElo "1967"]
[BlackElo "1752"]

1. e4 e5 2. Nf3 d6 3. Bc4 h6 4. h3 Nf6 5. O-O Nxe4 6. c3 f6 7. d3 Ng5 8. Nxg5
hxg5 9. Qf3 c6 10. Bxg5 d5 11. Bxf6 Qxf6 12. Qxf6 gxf6 13. Bb3 Bf5 14. Bc2 Nd7
15. Nd2 Rg8 16. Nf3 Bxh3 17. Nh4 Rg4 18. Kh2 Rxh4 19. gxh3 Bd6 20. Rae1 O-O-O
21. Bd1 e4+ 22. Kg2 Rg8+ 23. Bg4 f5 24. dxe4 fxg4 25. hxg4 Rgxg4+ 26. Kf3 Ne5+
27. Ke2 Rxe4+ 28. Kd1 Nd3 29. Rxe4 dxe4 30. b3 Bf4 31. a4 Rh1 32. Rxh1 Nxf2+ 33.
Ke2 Nxh1 34. c4 Bh6 35. Ke1 Ng3 36. Kf2 Nf5 37. Ke2 Nd4+ 38. Kd1 Nxb3 39. Kc2
Nc5 40. a5 e3 41. Kd1 Nb3 42. Ke1 Nd4 43. c5 Bg5 44. a6 bxa6 45. Kd1 e2+ 46. Ke1
Bh4+ 47. Kd2 e1=Q+ 48. Kd3 Qd1+ 49. Ke4 Qf3+ 50. Ke5 Qf5+ 51. Kd6 Qd5# 0-1

[Event "Eu de pretas.."]
[Site "http://www.queenalice.com/game.php?id=482471"]
[Date "2008.10.24"]
[Round "-"]
[White "jablonski"]
[Black "Tonyc"]
[Result "0-1"]
[WhiteElo "1777"]
[BlackElo "1942"]

1. d4 Nf6 2. Nf3 e6 3. a3 h6 4. Nc3 g6 5. e4 d6 6. Be2 Bg7 7. O-O O-O 8. h3 Nbd7
9. Bf4 a6 10. Qd2 g5 11. Bg3 b6 12. e5 dxe5 13. dxe5 Nh7 14. Rad1 Qe7 15. Qd4 c5
16. Qe4 Ra7 17. Bd3 f5 18. exf6 Nhxf6 19. Qa4 Bb7 20. Be2 Raa8 21. Bd6 Qf7 22.
Bxf8 Rxf8 23. Bxa6 Bxf3 24. gxf3 Ne5 25. f4 Nf3+ 26. Kg2 Nh4+ 0-1